01264nam a22002057a 4500003000900000008004100009040007100050082002500121100002200146245004900168260004700217300002200264505068200286650001200968650001000980650001100990650002401001650001901025700001401044AR-CdUCM190403b ||||| |||| 00| 0 spa d aMUNICIPALIDAD PROVINCIAL DEL CUSCOcBIBLIOTECA MUNICIPAL DEL CUSCO a365.01 /bB44 / 1826 aBentham, Jeremy,  aTeoría de las penas y de las recompensas / aParís : bImprenta de E. Pochard,c1826. a4 Tomos ;c14 cm. aContenido : t.1 : Definiciones y distinciones -- Clasificación -- Del objeto de las penas -- Coste de las penas -- De la medida de las penas -- De la analogía entre las personas y los delitos -- t.2 : De las penas capitales -- Examen de la pena de muerte -- De las penas subsidiarias -- De las penas de la sanción moral -- t.3 : De las calificaciones -- Del arriendo y de la administración -- De las reformas -- División de las artes y ciencias -- De la difusión de las ciencias -- t.4 : De las formas -- De los fomentos de la industria y del comercio -- Nociones preliminares -- Premios para la producción -- De las exenciones de impuestos sobre la producción. aPremios aPenas aJueces aProcesos judiciales aCódigo penal aL. B., D.